000 00574nam a2200205Ii 4500
003 JO-AjNU
008 230606s9999||||xx |||||||||||||| ||und||
040 _aJO-AjNU
_beng
_erda
_cJO-AjNU
041 _aeng
050 1 4 _aZ464 2003
100 3 _aMakkok , Mazen ,
_eauthor
_92685
245 0 0 _aEastren Arabic Adictionary and phraseboo
250 _a1 ed
264 3 1 _aBeirut , almaaref , 2003
300 _a128p
336 _atext
_btxt
_2rdacontent
337 _aunmediated
_bn
_2rdamedia
338 _avolume
_bnc
_2rdacarrier
650 4 _a Adictionary -arabic
_92686
999 _aE1403
_c1403
_d1403